Vice Premiers of the People's Republic of China (1976-1989) - Statistics

General Stats
  • This quiz has been taken 4 times
    3 since last reset
  • The average score is 18 of 30
Answer Stats
Picture Hint Answer % Correct
1976-1980 (Sidelined) Chen Yonggui
100%
1977-1980 (Resigned) Deng Xiaoping
100%
1976-1982 Gu Mu
100%
1983-1987 (Promoted) Li Peng
100%
1976-1978 (Sidelined) Sun Jian
100%
1976-1980 (Resigned) Wang Zhen
100%
1979-1989 Yao Yilin
100%
1976 (Purged) Zhang Chunqiao
100%
1980 (Promoted) Zhao Ziyang
100%
1976-1980 (Sidelined) Chen Xilian
67%
1979-1980 (Resigned) Chen Yun
67%
1976-1980 (Sidelined) Ji Dengkui
67%
1976-1980 (Resigned) Li Xiannian
67%
1986-1988 Qiao Shi
67%
1976-1977 (Sidelined) Wu Guixian
67%
1978-1980 (Resigned) Xu Xiangqian
67%
1979-1982 Bo Yibo
33%
1978-1982 Chen Muhua
33%
1978-1982 Fang Yi
33%
1978-1982 Geng Biao
33%
1980-1982 Huang Hua
33%
1979-1982 Ji Pengfei
33%
1978-1982 Kang Shi'en
33%
1983-1989 Tian Jiyun
33%
1978-1980 (Resigned) Wang Renzhong
33%
1980-1988 Wan Li
33%
1988-1989 Wu Xueqian
33%
1980-1982 Yang Jingren
33%
1976-1982 Yu Qiuli
33%
1980-1982 Zhang Aiping
33%
No matching quizzes found
Score Distribution
Percent of People with Each Score
Percentile by Number Answered
Your Score History
You have not taken this quiz since the last reset